000 00392nam a2200157Ia 4500
005 20250430064244.0
008 240331s9999 xx 000 0 und d
020 _a9559654802
082 _bDES
_a891
100 _aDe Silva,H.G.G
245 0 _aMathara aththamma
260 _aDehiwala
_bSri Devi Publishers & Printers
_c1998
300 _a255 p .,
500 _aA Sinhalese Novel
942 _cL
999 _c4927
_d4927